| 000 | 00350cam a2200145ua 4500 | ||
|---|---|---|---|
| 041 |
_aeng _h |
||
| 082 |
_a828.09 _bPRI/BO |
||
| 100 | _aPritchett, V.S . | ||
| 245 |
_aBooks in General / _cV.S.Pritchett. _hTextual Documents |
||
| 260 |
_aLondon : _bChatto and winds , _c1953. |
||
| 300 | _a253 ; . | ||
| 504 | _a | ||
| 942 | _cBK | ||
| 999 |
_c848 _d848 |
||